000 01667nam a2200373 c 4500
999 _c130527
_d130527
003 BLK
005 20250605133536.0
008 180409b bul|||||r ||||||| ||bul||
010 _aKNG00136292000
020 _a978-954-26-1128-8
040 _aBLK
041 _aBUL
_cBUL
072 7 _2bullib
_aН83
_xЧужда художествена литература Н
080 _aАнглоканадска литература
_b821.111(71)
_x-31
_z821.111(71)-31
100 1 _aГоуда, Шилпи Сомая
_eпърви автор
_955449
139 _aГоуда, Шилпи Сомая
_bГ 70
245 1 0 _aИзгубената дъщеря
_bЕдно дълго пътуване към Индия и към себе си : Роман
_cШилпи Сомая Гоуда; прев. от англ. Димитър Добрев
257 _aCAN
260 _bХермес
_c2012
_fХасково : Полиграфюг
300 _a344 с.
_c20 см
380 _aX
490 1 _aМегаселър
500 _aОриг. загл. Secret Daughter / Shilpi Somaya Gowda. - Пълното име на прев. Димитър Добрев Димитров. - Съдържа и Речник на чуждите думи.
653 _aромани
659 _aН
700 _aДимитров, Димитър Добрев
_d1961 -
_gПреводач от английски език.
_9322262
852 _aЦб 257101
856 4 _qpdf
_i0.00
_ldisable
856 4 _qpdf
_i0.00
_ldisable
942 _cKNG
_n0
_069
_s1
944 _aCR
_c20.11.2012
_lРусанова Ирена
_k30542
944 _aED
_c06.02.2014
_lф /
999 _d130527